Kanto Gym Badges - Statistics

General Stats
  • This quiz has been taken 17 times
  • The average score is 5 of 8
Answer Stats
Hint Answer % Correct
1st Boulder Badge
87%
4th Rainbow Badge
73%
2nd Cascade Badge
67%
8th Earth Badge
60%
5th Soul Badge
53%
3rd Thunder Badge
53%
7th Volcano Badge
47%
6th Marsh Badge
33%
No matching quizzes found
Score Distribution
Percent of People with Each Score
Percentile by Number Answered
Your Score History
You have not taken this quiz